Любовница: [рассказы]; пер. с пол.; Синдром проклятия Ундины; Anorexia nervosa; Любовница; Ночь после бракосочетания; Менопауза; Замкнутый цикл

Λεπτομέρειες βιβλιογραφικής εγγραφής
Κύριος συγγραφέας: Вишневский Я. Л. Януш Леон
Περίληψη:«Любовница» — третья книга Януша Вишневского, автора популярнейших бестселлеров «Повторение судьбы» и «Одиночество в Сети» (в 2006 г. роман был экранизирован, и фильм обогнал в польском прокате все голливудские новинки, а также был включен во внеконкурсную программу Московского международного кинофестиваля 2007 г.). Вы станете свидетелями шести завораживающих историй любви, узнаете, что такое синдром проклятия Ундины, а своими самыми сокровенными мыслями с вами поделится Магда Геббельс в ночь после бракосочетания Адольфа Гитлера и Евы Браун.
Γλώσσα:Ρωσικά
Έκδοση: СПб., Азбука-классика, 2009
TOC:Синдром проклятия Ундины;
Anorexia nervosa;
Любовница;
Ночь после бракосочетания;
Менопауза;
Замкнутый цикл;
Θέματα:
Μορφή: MixedMaterials Βιβλίο
KOHA link:https://koha.lib.tpu.ru/cgi-bin/koha/opac-detail.pl?biblionumber=153342

MARC

LEADER 00000nam0a2200000 4500
001 153342
005 20231031151355.0
010 |a 9785911815424 
035 |a (RuTPU)RU\TPU\book\166366 
090 |a 153342 
100 |a 20090211d2009 m y0rusy50 ca 
101 1 |a rus  |c pol 
102 |a RU 
105 |a y z 000ay 
200 1 |a Любовница  |e [рассказы]  |e пер. с пол.  |f Я. Л. Вишневский 
210 |a СПб.  |c Азбука-классика  |d 2009 
215 |a 224 с. 
330 |a «Любовница» — третья книга Януша Вишневского, автора популярнейших бестселлеров «Повторение судьбы» и «Одиночество в Сети» (в 2006 г. роман был экранизирован, и фильм обогнал в польском прокате все голливудские новинки, а также был включен во внеконкурсную программу Московского международного кинофестиваля 2007 г.). Вы станете свидетелями шести завораживающих историй любви, узнаете, что такое синдром проклятия Ундины, а своими самыми сокровенными мыслями с вами поделится Магда Геббельс в ночь после бракосочетания Адольфа Гитлера и Евы Браун. 
464 |t Синдром проклятия Ундины 
464 |t Anorexia nervosa 
464 |t Любовница 
464 |t Ночь после бракосочетания 
464 |t Менопауза 
464 |t Замкнутый цикл 
610 1 |a польская литература 
610 1 |a рассказы 
675 |a 884  |v 3 
700 1 |a Вишневский  |b Я. Л.  |g Януш Леон 
801 1 |a RU  |b 63413507  |c 20090211  |g PSBO 
801 2 |a RU  |b 63413507  |c 20160927  |g PSBO 
942 |c BK